| 000 | 00451nam a2200181Ia 4500 | ||
|---|---|---|---|
| 008 | 230524s9999 xx 000 0 und d | ||
| 020 | _a8179925625 | ||
| 082 |
_a621.382 _bSIV |
||
| 100 | _aS.N.Sivanandam | ||
| 245 | 0 | _aProblems & Solutions in Control Systems Engineering | |
| 250 | _a4TH | ||
| 260 |
_aAHMEDABAD _bJaico _c2009 |
||
| 300 | _a782 | ||
| 500 | _aQuantity Number: 5 | ||
| 650 | _aElectrical | ||
| 700 | _a S.N.Deepa | ||
| 942 | _cBK | ||
| 999 |
_c47980 _d47980 |
||